-
JAIN, DR. K.S. AND MINIYAR, DR. P.B.,AND NARGUND, DR. L.V.G
Entry Personal Name
Number of records used in: 1
001 - CONTROL NUMBER
003 - CONTROL NUMBER IDENTIFIER
005 - DATE AND TIME OF LATEST TRANSACTION
- control field:
20240109130646.0
008 - FIXED-LENGTH DATA ELEMENTS
- fixed length control field:
240109|| aca||aabn | a|a d
040 ## - CATALOGING SOURCE
- Original cataloging agency:
JRU
- Transcribing agency:
JRU
100 ## - HEADING--PERSONAL NAME
- Personal name:
JAIN, DR. K.S. AND MINIYAR, DR. P.B.,AND NARGUND, DR. L.V.G
670 ## - SOURCE DATA FOUND
- Source citation:
Work cat.: (JRU)5910: JAIN, DR. K.S. AND MINIYAR, DR. P.B.,AND NARGUND, DR. L.V.G., A PRACTICAL BOOK OF PHARMACEUTICAL ORGANIC CHEMISTRY